Análisis del efecto de la temperatura, presión, tiempo de calentamiento y de enframiento en la unión del biopolímero comercial Quadrathane™con una banda radiopaca de Tungsteno mediante del método de calentamiento por inducción electromagnética

Kaydedildi:
Detaylı Bibliyografya
Yazar: Rojas Chaves, Andrea Sofía
Materyal Türü: Kitap
Dil:Spanish
Baskı/Yayın Bilgisi: San José, Costa Rica 2017
Konular:
Etiketler: Etiketle
Etiket eklenmemiş, İlk siz ekleyin!

MARC

LEADER 00000nam a22000007a 4500
003 012632
005 20221231144238.0
008 170920b2017 cr a|||| |||| 00| ||spa d
040 |c cru CEDI 
090 |a TFG 7783 
100 |9 9899  |a Rojas Chaves, Andrea Sofía 
245 |a Análisis del efecto de la temperatura, presión, tiempo de calentamiento y de enframiento en la unión del biopolímero comercial Quadrathane™con una banda radiopaca de Tungsteno mediante del método de calentamiento por inducción electromagnética  
260 |a San José, Costa Rica  |c 2017 
300 |a ix, 81 hojas;ilustraciones a color  
500 |a Proyecto de graduación (licenciatura en ingeniería química)--Universidad de Costa Rica. Facultad de Ingeniería. Escuela de Ingeniería Química 
650 |x CONTROL DE PROCESOS QUIMICOS   |x POLIMEROS  |x MATERIALES BIOMEDICOS  |9 9900 
942 |c TFG 
999 |c 19003  |d 19003